Mort subite : les paquebots - Statistiques

Statistiques générales
  • Ce quiz a été pris 125 fois
  • Le résultat moyen est 3 sur 9
Answers on the Grid
Answers color-coded by a green-red scale on the quiz's grid according to % correct below.
Le Queen Mary
Le Normandie
Le Titanic
Le France
Le SS United States
Le Queen Elisabeth
Le Queen Elisabeth II
Le Lusitania
Le Costa Concordia
Le Mauretania
Le Queen Mary II
Le Britannic
L'Olympic
Le Georges Philippar
L'Andrea Doria
Le Norway
L’Île-de-France
Le Rex
L’impératrice Eugénie
Le Queen Victoria
 
Statistiques - réponses
Réponse % Correct
Le Titanic
95%
Le Normandie
41%
Le Costa Concordia
34%
Le Lusitania
33%
Le Britannic
29%
L'Andrea Doria
16%
Le Queen Elisabeth
14%
Le Rex
9%
Le Georges Philippar
8%
Aucun quiz correspondant
Distribution des résultats
% des personnes avec chaque résultat
Percentile par nombre de réponses
Votre historique - résultats
Vous n’avez pas pris ce quiz